Interwoven waters: Integrated Landscape Strategies For Coimbatore Lake System (Record no. 364959)

MARC details
000 -LEADER
fixed length control field 00544nam a22001697a 4500
005 - DATE AND TIME OF LATEST TRANSACTION
control field 20250203103557.0
008 - FIXED-LENGTH DATA ELEMENTS--GENERAL INFORMATION
fixed length control field 250203b |||||||| |||| 00| 0 eng d
041 ## - LANGUAGE CODE
Language code of text/sound track or separate title eng
082 ## - DEWEY DECIMAL CLASSIFICATION NUMBER
Classification number 712
Item number DEG
100 ## - MAIN ENTRY--PERSONAL NAME
Author Degvekar Devashree
245 ## - TITLE STATEMENT
Title Interwoven waters: Integrated Landscape Strategies For Coimbatore Lake System
260 ## - PUBLICATION, DISTRIBUTION, ETC.
Place of publication, distribution, etc. Pune
Name of publisher, distributor, etc. BNCA M Arch Landscape Architecture
Date of publication, distribution, etc. 28/01/2025
300 ## - PHYSICAL DESCRIPTION
Extent 83Pages
Other physical details Pb
Dimensions 29.5 x 29.5
365 ## - TRADE PRICE
Price type code INR
Price amount 150.00
Currency code Rupaye
500 ## - GENERAL NOTE
Keywords BNCA M Arch Landscape Architecture Thesis
942 ## - ADDED ENTRY ELEMENTS (KOHA)
Koha item type Project Reports

No items available.